Journal of Economic Research & Business Administration
Gespeichert in:
| Format: | Schriftenreihe |
|---|---|
| Sprache: | Englisch Kasachisch |
| Veröffentlicht: |
Almaty
Al-Farabi Kazakh National University
|
| Tags: |
Keine Tags, Fügen Sie das erste Tag hinzu!
|
MARC
| LEADER | 00000nas1a2200000 4500 | ||
|---|---|---|---|
| 001 | 0295284 | ||
| 005 | 20240417080453.0 | ||
| 022 | |a 1563-0358 | ||
| 022 | |a 2617-7161 | ||
| 041 | 0 | |a eng | |
| 041 | 0 | |a kaz | |
| 044 | |a KZ | ||
| 245 | 1 | 0 | |a Journal of Economic Research & Business Administration |
| 264 | 1 | |a Almaty |b Al-Farabi Kazakh National University | |